Nutrition and Working Efficiency / (Record no. 3566)
[ view plain ]
| 000 -LEADER | |
|---|---|
| fixed length control field | 00988nac a22002291u 4500 |
| 008 - FIXED-LENGTH DATA ELEMENTS--GENERAL INFORMATION | |
| fixed length control field | 100916t xxu||||| |||| 00| 0 eng d |
| 010 ## - LIBRARY OF CONGRESS CONTROL NUMBER | |
| LC control number | 62053258 |
| 035 ## - SYSTEM CONTROL NUMBER | |
| System control number | (OCoLC)4011338 |
| 082 ## - DEWEY DECIMAL CLASSIFICATION NUMBER | |
| Classification number | 641.1 |
| 100 ## - MAIN ENTRY--PERSONAL NAME | |
| Personal name | 20080729 |
| 9 (RLIN) | 19367 |
| 110 2# - MAIN ENTRY--CORPORATE NAME | |
| Corporate name or jurisdiction name as entry element | Food and Agriculture Organization of the United Nations. |
| 9 (RLIN) | 19368 |
| 245 10 - TITLE STATEMENT | |
| Title | Nutrition and Working Efficiency / |
| Statement of responsibility, etc | Food and Agriculture Organization of the United Nations. |
| 260 ## - PUBLICATION, DISTRIBUTION, ETC. (IMPRINT) | |
| Place of publication, distribution, etc | Rome: |
| Name of publisher, distributor, etc | Food and Agriculture Organization of the United Nations, |
| Date of publication, distribution, etc | 1962. |
| 300 ## - PHYSICAL DESCRIPTION | |
| Extent | 47 p. : |
| Other physical details | ill. ; |
| Dimensions | 23 cm. |
| 490 0# - Series Statement | |
| Series statement | Freedom from hunger campaign. Basic study |
| Volume/sequential designation | no. 5 |
| -- | 19369 |
| 500 ## - GENERAL NOTE | |
| General note | Donations. |
| 500 ## - GENERAL NOTE | |
| General note | Donations - Bibliotheca Alexandrina. |
| 650 #0 - SUBJECT ADDED ENTRY--TOPICAL TERM | |
| Topical term or geographic name as entry element | Nutrition. |
| 9 (RLIN) | 19370 |
| 650 #0 - SUBJECT ADDED ENTRY--TOPICAL TERM | |
| Topical term or geographic name as entry element | Performance. |
| 9 (RLIN) | 19371 |
| 942 ## - ADDED ENTRY ELEMENTS (KOHA) | |
| Item type | Book - Borrowing |
| Call number prefix | 641.1 |
| Source of classification or shelving scheme | Dewey Decimal Classification |
| Withdrawn status | Item status | Source of classification or shelving scheme | Damaged status | Not for loan | Vendor | Home library | Current library | Shelving location | Date acquired | Source of acquisition | Total Checkouts | Total Renewals | Full call number | Barcode | Date last seen | Date last borrowed | Koha item type |
|---|---|---|---|---|---|---|---|---|---|---|---|---|---|---|---|---|---|
| Dewey Decimal Classification | Central Library | Central Library | First floor | 16/09/2010 | 2 | 2 | 641.1 NUT | 000039493 | 15/07/2025 | 05/11/2017 | Book - Borrowing |